LEADER 00810nam0-22003011i-450- 001 990001728590403321 005 20120517194158.0 035 $a000172859 035 $aFED01000172859 035 $a(Aleph)000172859FED01 035 $a000172859 100 $a20030910d1967----km-y0itay50------ba 101 0 $afre 102 $aFR 200 1 $a<>souris de laboratoire et son élevage$fMichel Broustail 205 $a3e éd. 210 $aParis$cVigot Frères$d1967 215 $a70 p.$d24 cm 610 0 $aTopi 676 $a599.323 3 700 1$aBroustail,$bMichel$074825 801 0$aIT$bUNINA$gRICA$2UNIMARC 901 $aBK 912 $a990001728590403321 952 $a60 599.323 3 B 3$b1189$fFAGBC 959 $aFAGBC 996 $aSouris de laboratoire et son élevage$9360088 997 $aUNINA LEADER 01789oam 2200469M 450 001 9910716203003321 005 20200213070535.7 035 $a(CKB)5470000002520100 035 $a(OCoLC)1065848899 035 $a(OCoLC)995470000002520100 035 $a(EXLCZ)995470000002520100 100 $a20071213d1926 ua 0 101 0 $aeng 135 $aurcn||||||||| 181 $ctxt$2rdacontent 182 $cc$2rdamedia 183 $acr$2rdacarrier 200 10$aCare of certain insane citizens of Alaska. May 14, 1926. -- Committed to the Committee of the Whole House on the State of the Union and ordered to be printed 210 1$a[Washington, D.C.] :$c[U.S. Government Printing Office],$d1926. 215 $a1 online resource (2 pages) 225 1 $aHouse report / 69th Congress, 1st session. House ;$vno. 1206 225 1 $a[United States congressional serial set ] ;$v[serial no. 8534] 300 $aBatch processed record: Metadata reviewed, not verified. Some fields updated by batch processes. 300 $aFDLP item number not assigned. 606 $aDangerously mentally ill 606 $aMedical care 606 $aPsychiatric hospitals 606 $aMentally ill 608 $aLegislative materials.$2lcgft 615 0$aDangerously mentally ill. 615 0$aMedical care. 615 0$aPsychiatric hospitals. 615 0$aMentally ill. 701 $aGraham$b George Scott$f1850-1931$pRepublican (PA)$01386798 801 0$bWYU 801 1$bWYU 801 2$bOCLCO 801 2$bOCLCQ 906 $aBOOK 912 $a9910716203003321 996 $aCare of certain insane citizens of Alaska. May 14, 1926. -- Committed to the Committee of the Whole House on the State of the Union and ordered to be printed$93537275 997 $aUNINA LEADER 01752oam 2200301z- 450 001 9910694302003321 005 20240604134057.0 035 $a(CKB)5860000000020572 035 $a(BIP)919721830 035 $a(EXLCZ)995860000000020572 100 $a20231017c2008uuuu -u- - 101 0 $aeng 200 00$aDepartment of Energy Fiscal Year 2008 Research and Development Budget Proposal: Hearing before the Subcommittee on Energy and Environment, Committee on Science and Technology, House of Representatives, One Hundred Tenth Congress, First Session 210 $aWashington, D.C 215 $a1 online resource (196 p.) 311 $a0-16-080399-3 330 8 $aThis publication provides a cross-national comparison of social security systems. It summarizes the five main social insurance programs: old age, disability, and survivors; sickness and maternity; work injury; unemployment; and family allowances. It is published in four regional volumes (Europe, Asia and the Pacific, Africa, and the Americas), one every 6 months. 517 $aDepartment of Energy Fiscal Year 2008 Research and Development Budget Proposal 610 $aSocial security 610 $aEmployee fringe benefits 610 $aPolitical science 610 $aBusiness & economics 712 02$aSocial Security Administration Staff,$4com 712 02$aSocial Security Adminsistration, Office of Policy, Office of Research ...,$4com 906 $aBOOK 912 $a9910694302003321 996 $aDepartment of Energy Fiscal Year 2008 Research and Development Budget Proposal: Hearing before the Subcommittee on Energy and Environment, Committee on Science and Technology, House of Representatives, One Hundred Tenth Congress, First Session$93572181 997 $aUNINA